[Event "1st WMSG Blitz Pair"]
[Site "Beijing CHN"]
[Date "2008.10.08"]
[Round "11"]
[White "Aveskulov, V."]
[Black "Ghaem Maghami, E."]
[Result "1/2-1/2"]
[WhiteElo "2544"]
[BlackElo "2599"]
[PlyCount "24"]
[EventDate "2008.10.08"]
[SourceDate "1999.07.01"]

1. e4 e6 2. d4 d5 3. exd5 exd5 4. Nf3 Nf6 5. Bd3 Bd6 6. O-O O-O 7. h3 c6 8. c3
h6 9. Re1 Re8 10. Nbd2 Nbd7 11. Nf1 Nf8 12. Rxe8 Qxe8 1/2-1/2

[Event "DMP Ekstraliga"]
[Site "Karpacz POL"]
[Date "2008.09.06"]
[Round "1"]
[White "Jedynak, R."]
[Black "Gdanski, J."]
[Result "1/2-1/2"]
[WhiteElo "2500"]
[BlackElo "2523"]
[PlyCount "24"]
[EventDate "2008.09.06"]
[SourceDate "1999.07.01"]

1. d4 e6 2. e4 d5 3. exd5 exd5 4. Nf3 c6 5. Bd3 Bd6 6. O-O Ne7 7. c3 Bg4 8. Bg5
Qc7 9. h3 Bh5 10. Bxe7 Bxe7 11. Nbd2 O-O 12. Qc2 Bg6 1/2-1/2

[Event "Abkhasian Open"]
[Site "Sukhumi GEO"]
[Date "2008.08.06"]
[Round "4"]
[White "Kiselev, Vit2"]
[Black "Pushkov, N."]
[Result "1/2-1/2"]
[WhiteElo "2518"]
[BlackElo "2514"]
[PlyCount "24"]
[EventDate "2008.08.03"]
[SourceDate "1999.07.01"]

1. e4 e6 2. d4 d5 3. exd5 exd5 4. Nf3 Nf6 5. Bf4 Be7 6. Bd3 Bg4 7. h3 Bh5 8.
O-O O-O 9. Nbd2 Nbd7 10. c3 c6 11. Re1 Re8 12. Qb3 Nb6 1/2-1/2

[Event "19th Czech Open Synthesia Rapid"]
[Site "Pardubice CZE"]
[Date "2008.07.17"]
[Round "8"]
[White "Chuprov, D."]
[Black "Buhmann, R."]
[Result "1/2-1/2"]
[WhiteElo "2577"]
[BlackElo "2561"]
[PlyCount "108"]
[EventDate "2008.07.16"]
[SourceDate "1999.07.01"]

1. e4 e6 2. d4 d5 3. exd5 exd5 4. Nf3 Nf6 5. Bd3 Bg4 6. O-O Be7 7. Bg5 Nbd7 8.
Nbd2 O-O 9. c3 h6 10. Bxf6 Nxf6 11. Qc2 Bxf3 12. Nxf3 Re8 13. Rae1 Bd6 14.
Rxe8+ Qxe8 15. Re1 Qd8 16. Qb3 Rb8 17. c4 c6 18. cxd5 cxd5 19. g3 Qa5 20. Kg2
Qb4 21. Qxb4 Bxb4 22. Rc1 Ba5 23. a4 a6 24. Bf5 Ne4 25. Ne5 Rd8 26. Rc8 Rxc8
27. Bxc8 Nd6 28. Bd7 Bb6 29. Nf3 Kf8 30. h4 Ke7 31. Bh3 Nc4 32. Bc8 Nd6 33. Bh3
h5 34. Kf1 g6 35. Ke2 f6 36. b3 Ba5 37. Ke3 Bc3 38. Ng1 Be1 39. Ke2 Ba5 40. Bg2
Nf5 41. Kd3 Kd6 42. Bh3 Ne7 43. Ne2 Be1 44. Ke3 g5 45. hxg5 fxg5 46. f3 a5 47.
g4 hxg4 48. fxg4 Ng8 49. Bg2 Nf6 50. Bf3 b6 51. Nc1 Bg3 52. Nd3 Ne8 53. b4 axb4
54. Nxb4 Nc7 1/2-1/2

[Event "TCh-SLO"]
[Site "Murska Sobota SLO"]
[Date "2008.12.14"]
[Round "9"]
[White "Sermek, D."]
[Black "Kovacevic, A."]
[Result "1/2-1/2"]
[WhiteElo "2535"]
[BlackElo "2581"]
[PlyCount "41"]
[EventDate "2008.12.06"]
[SourceDate "1999.07.01"]

1. e4 e6 2. d4 d5 3. exd5 exd5 4. Nf3 Bd6 5. Bd3 Ne7 6. Nc3 c6 7. Ne2 Bf5 8.
Bf4 Bxf4 9. Nxf4 Nd7 10. O-O O-O 11. Bxf5 Nxf5 12. Qd3 Nd6 13. Rfe1 Re8 14.
Rxe8+ Qxe8 15. Re1 Qf8 16. Nd2 Re8 17. Rxe8 Qxe8 18. Qe2 Qxe2 19. Nxe2 Kf8 20.
f3 Ke7 21. Nb1 1/2-1/2

[Event "XLII Rilton Cup"]
[Site "Stockholm SWE"]
[Date "2012.12.30"]
[Round "4.6"]
[White "Gleizerov, E."]
[Black "Ulibin, M."]
[Result "1/2-1/2"]
[WhiteElo "2557"]
[BlackElo "2533"]
[PlyCount "34"]
[EventDate "2012.12.27"]
[SourceDate "1999.07.01"]

1. e4 e6 2. d4 d5 3. exd5 exd5 4. Nf3 Nf6 5. c4 Bb4+ 6. Nc3 O-O 7. Be2 dxc4 8.
Bxc4 Bg4 9. O-O Bxf3 10. Qxf3 Qxd4 11. Qxb7 Qxc4 12. Qxa8 Bd6 13. Qxa7 Bxh2+
14. Kxh2 Qxf1 15. f3 Qe1 16. Qxc7 Qh4+ 17. Kg1 Qe1+ 1/2-1/2

[Event "40th Olympiad Open"]
[Site "Istanbul TUR"]
[Date "2012.08.29"]
[Round "2.25"]
[White "Cuartas, Ja"]
[Black "Rodriguez Vila, A."]
[Result "0-1"]
[WhiteElo "2521"]
[BlackElo "2536"]
[PlyCount "122"]
[EventDate "2012.08.28"]
[SourceDate "1999.07.01"]
[WhiteTeam "Colombia"]
[BlackTeam "Uruguay"]
[WhiteTeamCountry "ETH"]
[BlackTeamCountry "GUB"]

1. e4 e6 2. d4 d5 3. exd5 exd5 4. Nf3 Nc6 5. Bb5 Nge7 6. O-O Bg4 7. h3 Bh5 8.
Bf4 f6 9. c3 Qd7 10. Nbd2 O-O-O 11. b4 Kb8 12. Bh2 Nc8 13. Nb3 Bd6 14. Nc5
Bxh2+ 15. Kxh2 Qd6+ 16. g3 Rhe8 17. Kg2 g5 18. a4 Nb6 19. Qb3 Nc4 20. Bxc4 dxc4
21. Qxc4 Ne7 22. Nd2 Qd5+ 23. Qxd5 Nxd5 24. Rfc1 Re2 25. Nf1 Bg6 26. b5 Rb2 27.
c4 Nb4 28. Rd1 Nc2 29. Rd2 Rb4 30. Rxc2 Bxc2 31. Ne3 Bg6 32. d5 Kc8 33. a5 Re8
34. a6 b6 35. Ne6 Rb2 36. Kf1 Bd3+ 37. Kg1 Rd2 38. Rc1 Kd7 39. g4 Be4 40. Rc3
Kc8 41. Rc1 Kd7 42. Rc3 Rh8 43. Ng7 Rf8 44. Ne6 Rf7 45. Rc1 h6 46. Nf1 Rb2 47.
Nd4 Rb1 48. Rxb1 Bxb1 49. Nc6 Rf8 50. Nxa7 Kd6 51. Ne3 Kc5 52. Nc6 Bd3 53. d6
cxd6 54. a7 Be4 55. Nb8 Rf7 56. Na6+ Kd4 57. Nf5+ Ke5 58. f4+ gxf4 59. Nxd6
Kxd6 60. c5+ bxc5 61. b6 c4 0-1

[Event "14th Sants Open A"]
[Site "Barcelona ESP"]
[Date "2012.08.24"]
[Round "8.2"]
[White "Cuartas, Ja"]
[Black "Cordova, E."]
[Result "1/2-1/2"]
[WhiteElo "2521"]
[BlackElo "2572"]
[PlyCount "30"]
[EventDate "2012.08.17"]
[SourceDate "1999.07.01"]

1. e4 e6 2. d4 d5 3. exd5 exd5 4. Nf3 Bd6 5. c4 Nf6 6. Nc3 O-O 7. cxd5 Nbd7 8.
Be2 Nb6 9. Bg5 Be7 10. Bxf6 Bxf6 11. Qb3 Bg4 12. Rd1 a5 13. a4 Be7 14. h3 Bh5
15. Ng1 Bxe2 1/2-1/2

[Event "45th Biel Masters Open"]
[Site "Biel SUI"]
[Date "2012.07.27"]
[Round "5"]
[White "Ulibin, M."]
[Black "Edouard, R."]
[Result "0-1"]
[WhiteElo "2531"]
[BlackElo "2646"]
[PlyCount "90"]
[EventDate "2012.07.23"]
[SourceDate "1999.07.01"]

1. d4 e6 2. e4 d5 3. exd5 exd5 4. Nf3 Nc6 5. Bb5 Bd6 6. c4 dxc4 7. d5 a6 8. Ba4
Bb4+ 9. Nc3 b5 10. dxc6 bxa4 11. Qxd8+ Kxd8 12. Bf4 Bxc3+ 13. bxc3 Be6 14.
O-O-O+ Kc8 15. Ng5 Nf6 16. Nxe6 fxe6 17. Rhe1 Re8 18. Re5 Rb8 19. Rde1 a3 20.
Rxe6 Rxe6 21. Rxe6 Kd8 22. Be3 Rb2 23. Bc5 Nd5 24. Bxa3 Rxf2 25. Bc5 Rxg2 26.
Re5 Nf4 27. Be7+ Kc8 28. Rf5 Ne6 29. Rf7 Rxh2 30. Bg5 Rh1+ 31. Kd2 Rh5 32. Bf4
Rc5 33. Ke3 Kd8 34. Bg3 Ke8 35. Rd7 Rxc6 36. Rd5 Rc5 37. Rxc5 Nxc5 38. Bxc7 Kd7
39. Be5 Ne6 40. Ke4 Kc6 41. Bg3 g5 42. Ke5 Nf4 43. Kf5 Kd5 44. Be1 Ne2 45. Bd2
g4 0-1